|
|
|
|
| LEADER |
00000cam a2200000 7i4500 |
| 001 |
0000024921 |
| 005 |
20130802.0 |
| 008 |
130802 # eng |
| 020 |
|
|
|a 9678905736
|
| 040 |
|
|
|a INS
|
| 090 |
0 |
0 |
|a JS3134
|b 811 1976
|
| 240 |
1 |
0 |
|a Local Government Act 1976
|
| 245 |
1 |
0 |
|a Local Government Act 1976 (Act 171) :
|b (as at 10th August1976)
|c compiled by Legal Research Board
|
| 260 |
|
|
|a Kuala Lumpur :
|b International Law Boook Services ,
|c 1976
|
| 300 |
|
|
|a 95p ;
|c 24 cm.
|
| 650 |
0 |
0 |
|a Local government
|x Law and legislation
|z Malaysia
|
| 650 |
0 |
0 |
|a Municipal government
|z Malaysia
|
| 999 |
|
|
|a 1000001182
|b BOOK
|c Open Shelf
|e Default branch
|